000 00422nam a2200157Ia 4500
003 GCL
008 140319s9999 xx 000 0 ara d
040 _aGCL /
_cGCL
082 0 4 _aد
_b050
100 1 _aوداد سكاكينى
245 1 0 _aالعاشقة المتوصفة (اقرا 151 ) /
_cوداد سكاكينى
300 _a128
490 _aاقرأ
_v0
650 0 4 _aرابعة العدوية
942 _2ddc
_cBK
999 _c48982
_d48982